Documentos de trabajo
Guardat en:
| Format: | Llibre |
|---|---|
| Idioma: | espanyol |
| Publicat: |
Santiago
ISPAJ
1988
|
| Matèries: | |
| Etiquetes: |
Afegir etiqueta
Sense etiquetes, Sigues el primer a etiquetar aquest registre!
|
MARC
| LEADER | 00000nam a2200000 a 4500 | ||
|---|---|---|---|
| 001 | UCW9918 | ||
| 003 | CL-VaPUC | ||
| 008 | 890707e19880000CL |||||||||||||||||spa|d | ||
| 082 | 0 | 4 | |a 259 |b DOC |2 21 |
| 245 | 1 | 0 | |a Documentos de trabajo |
| 300 | |a v | ||
| 942 | |c BK | ||
| 945 | |d 19890707 00:00:00 |a aalvarez | ||
| 260 | |a Santiago |b ISPAJ |c 1988 | ||
| 650 | 7 | |a COMUNIDADES ECLESIALES DE BASE |2 CL-VaPUC |9 315399 | |
| 650 | 0 | |a Dinámica de grupos |9 259862 | |
| 583 | |a last modification |c 20180706 09:21:59 |k Rodrigo Vera | ||
| 999 | |c 221759 |d 221757 | ||
| 952 | |0 0 |1 0 |4 0 |6 259_000000000000000_DOC_1988 |7 0 |8 A |9 215613 |a BIBTEO |b BIBTEO |d 2019-11-15 |h v.7 |i 2839911 |o 259 DOC 1988 |p 2839911 |r 2025-01-17 |w 2019-11-15 |y BK |k ICR | ||
| 952 | |0 0 |1 0 |4 0 |6 259_000000000000000_DOC_1988 |7 0 |8 A |9 215614 |a BIBTEO |b BIBTEO |d 2019-11-15 |h v.8 |i 283992K |o 259 DOC 1988 |p 283992K |r 2025-01-17 |w 2019-11-15 |y BK |k ICR | ||
| 952 | |0 0 |1 0 |4 0 |6 259_000000000000000_DOC_1988 |7 0 |8 A |9 215615 |a BIBTEO |b BIBTEO |d 2019-11-15 |h v.9 |i 2839938 |o 259 DOC 1988 |p 2839938 |r 2025-01-17 |w 2019-11-15 |y BK |k ICR | ||